Регионална библиотека "Любен Каравелов" - Русе

Манфред (Запис номер 123847)

MARC детайли
000 -Лидер
Контролно поле с фиксирана дължина 01447nam a2200325 c 4500
003 - Код на организацията, давaща контролен номер
Контролно поле BLK
005 - Дата и час на последна редакция
Контролно поле 20191004090929.0
008 - Елементи от данни с фиксирана дължина
fixed length control field 180409b bul|||||r ||||||| ||bul||
010 ## - Наследен системен номер
LC control number KNG00129510000
040 ## - Източник на каталожния запис
Идентификатор на билиотеката - собственик на записа BLK
041 ## - Код за език
Код за езика на текст/звукозапис или на отделно заглавие Български
Код за езика КДБФ Български
072 #7 - Код за тематичната категория
Код организация bullib
Код за тематична категория А
Текст Фонд Михаил Арнаудов
080 ## - УДК
Текстов определител УДК Английска литература
УДК код - определител по УДК 821.111
УДК определител -21
УДК - код + определител 821.111-21
100 1# - Редна дума - Автор
Автор Байрон, Джордж Гордън Ноуъл
Авторска отговорност първи автор
R(LIN) 367011
139 ## - Редно поле
Редна дума Байрон, Джордж Гордън Ноуъл
Авторски знак Баир - Б 15
245 10 - Сведения за заглавието
Заглавие Манфред
Подзаглавни данни Драм. поема
Редно поле (дума) Джордж Гордън Ноуъл Байрон; прев. от англ. Николай Вранчев.
257 ## - Страна на издаване
Страна на създаване/издаване Великобритания
260 ## - Област на издателските данни
Година на издаване 1924
Печатница София : Либер. клуб
300 ## - Физическа характеристика
Страници 75 с.
Размери/Мащаб 18 см
380 ## - Жанр
Жанр Худож. лит.
490 1# - СЕРИИ (Колекции)
Име на серия Библиотека Ралица
№: серия 23
490 ## - СЕРИИ (Колекции)
Име на серия Частна колекция - Академик Михаил Арнаудов
9 (RLIN) 396381
Бележки за серията Дарение - Основен фонд
500 ## - Общи забележки
Забележка Съдържа и статия Живот и творчество на Байрон / Н. Вранчев. - Фонд Михаил Арнаудов - мека подв.
659 ## - Тематичен бюлетин
Тематичен бюлетин А
700 1# - Други автори (авторска отговорност)
Лично име Вранчев, Николай
Автороска отговорност (Описва отношението между автора и произведението) прев. от англ.
9 (RLIN) 370908
852 ## - Местоположение
Форматна сигнатура Цб 8.170.35865
852 ## - Местоположение
Форматна сигнатура МА 2264
856 4# - Електронен адрес и достъп
Електронен формат pdf - файл
856 4# - Електронен адрес и достъп
Електронен формат pdf - файл
999 ## - СИСТЕМНИ КОНТРОЛНИ НОМЕРА
Koha biblionumber 123847
Koha biblioitemnumber 123847
942 ## - АРТИКУЛИ
Вид на библиотечния материал Книги
Скрит в OPAC Не
Периодичен библиозапис Да
944 ## - СЪЗДАВАНЕ И РЕДАКЦИЯ на ЗАПИСА
Създаване/Редакция Създаване
Дата на регистрацията/редакция 04.04.2012
Статус, дата на статуса 04.04.2012 - от С1,Р / 04.04.2012
Служител, извършил регистрацията/редакцията Наталия_Медовщикова
944 ## - СЪЗДАВАНЕ И РЕДАКЦИЯ на ЗАПИСА
Създаване/Редакция Редакция
Дата на регистрацията/редакция 23.11.2016
Статус, дата на статуса 04.04.2012 - от С1,Р / 04.04.2012
999 ## - СИСТЕМНИ КОНТРОЛНИ НОМЕРА
Koha biblioitemnumber 123847
Наличности
Код за отписване Код за изгубен артикул Източник на класификационната схема Код за повреда Коз за рестрикции Код за отдаване Артикулен № Име на библиотеката - собственик Име на библиотеката, в която се намира в момента Статус (Текущо местоположение) Дата на вписване в системата Местоположение - отдел Цена в лева Инвентарен номер Систематично азбучна сигнатура Баркод Номер на екземпляра Цена в евро Служебна бележка Служебен тип на артикула
  Не е изгубен Universal Decimal Classification Не е повреден без рестрикции ползва се в читалня 200696 Регионална библиотека "Любен Каравелов" Русе Регионална библиотека "Любен Каравелов" Русе Хранилище 1924-01-01 Основен фонд - ползва се само за читалня 0.05 35865 Цб 8.170.35865 900000046645 1 0.03 N: стар фонд Дата: 01.01.1924 Книги
  Не е изгубен Universal Decimal Classification Не е повреден без рестрикции Специални фондове ( старопечатни, редки и ценни, фонд М. Арнаудов) 200697 Регионална библиотека "Любен Каравелов" Русе Регионална библиотека "Любен Каравелов" Русе Фонд "Михаил Арнаудов" 1973-01-01 Фонд "Михаил Арнаудов" 10.00 590175 МА 2264 120000590175 2 5.11 Дост: DA Вид: А N: стар фонд Дата: 01.01.1973 Книги
Vip Innovations Ltd, Rousse, Bulgaria 2025